[Event "Pan American-ch School U17 12th"]
[Site "Callao"]
[Date "2023.10.18"]
[Round "5"]
[White "Pilamunga, Manuel"]
[Black "Achocalla Huaipara, Pavel Andres"]
[Result "1/2-1/2"]
[WhiteElo "1237"]
[BlackElo "1536"]
[PlyCount "145"]
[EventDate "2023.10.16"]
[EventType "swiss"]
[EventRounds "9"]
[EventCountry "PER"]
[SourceTitle "Mega2024 Update 01"]
[Source "Chessbase"]
[SourceDate "2023.11.12"]
[SourceVersion "1"]
[SourceVersionDate "2023.11.12"]
[SourceQuality "1"]

1. e4 c6 2. d4 d5 3. Nc3 dxe4 4. Nxe4 Nd7 5. Bd3 Ngf6 6. Ng3 e6 7. Nf3 c5 8. 0-0 b6 9. c3 Bb7 10. Re1 Be7 11. Ne5 cxd4 12. cxd4 0-0 13. Qe2 h6 14. Ng6 Re8 15. Nxe7+ Rxe7 16. Nf5 Re8 17. Nd6 Rf8 18. Nxb7 Qc7 19. Ba6 Nb8 20. Qe5 Nxa6 21. Nd6 Ne8 22. Nb5 Qxe5 23. dxe5 Nb4 24. Re2 a6 25. Nc3 Nc7 26. a3 Nbd5 27. Ne4 Nb5 28. Be3 Rfc8 29. a4 Nxe3 30. Rxe3 Nd4 31. Rd1 Rc2 32. Kf1 Nf5 33. Rb3 Rb8 34. Nd6 Ne7 35. Ke1 Nd5 36. Rd2 Rc6 37. Ne4 Rc4 38. Nc3 Nxc3 39. Rxc3 Rxa4 40. f3 Ra5 41. f4 Rc5 42. Rxc5 bxc5 43. Kd1 Kf8 44. Kc2 Ke7 45. Kc3 Rb4 46. g3 f6 47. Rd6 fxe5 48. fxe5 Re4 49. Rxa6 Rxe5 50. Kd3 Rd5+ 51. Ke3 Kf6 52. Ra4 Rh5 53. h4 Re5+ 54. Kf3 g5 55. hxg5+ hxg5 56. Rc4 Rd5 57. Ke4 Rd2 58. Rxc5 Rxb2 59. Kf3 Rb3+ 60. Kg4 Rb4+ 61. Kh5 g4 62. Rg5 e5 63. Rxg4 Rb1 64. Ra4 Rh1+ 65. Kg4 Rg1 66. Ra6+ Ke7 67. Kf3 e4+ 68. Kf2 Rb1 69. Ra4 Rb2+ 70. Ke3 Rb3+ 71. Kf4 Rf3+ 72. Kg4 Re3 73. Kf4 1/2-1/2